| 000 | 00490nmm a2200157Ia 4500 | ||
|---|---|---|---|
| 008 | 251105s9999||||xx |||||||||||||||||und|| | ||
| 020 | _a9789972428937 | ||
| 041 | _aspa | ||
| 100 | _aHurtado Pozo, José (ed.) | ||
| 245 | 0 | _aProblemas fundamentales de la Parte General del Código Penal | |
| 264 |
_a[Lima, Peru] : _bPontificia Universidad Católica de Perú, _c2009 |
||
| 300 | _a618 páginas | ||
| 650 | _aLaw | ||
| 856 | _uhttps://public.digitaliapublishing.com/a/9811 | ||
| 942 | _cCF | ||
| 999 |
_c97898 _d97898 |
||